000 00420nam a2200181Ia 4500
001 1012
005 20260306140600.0
008 260306t1999||||xx |||||||||||||| ||spa||
041 _aESP
082 _a179.9
_bL82
100 _aLocke, John
_eAUT
245 0 _aEnsayo y carta sobre la tolerancia
260 _c1999
300 _a123 páginas :
_c18 cm.
650 _aGEN
654 _aCHU
942 _cLIB
_dJUS
_fJUS
_2ddc
_n
999 _c1012
_d1012